Выбор способов очистки канализационных вод в применении к Сибири: автореферат

Manylion Llyfryddiaeth
Parent link:Николин, Я. И. (российский ученый ; 1873-?). К вопросу о гидрологии реки Иртыша: автореферат.— .— [Б. м.], 1920
Prif Awdur: Николин Я. И. Яков Иванович
Crynodeb:Рукописные материалы
Конволют в твердом переплете.
Iaith:Rwseg
Cyhoeddwyd: [Б. м.], 1918
Pynciau:
Fformat: Llyfr
KOHA link:https://koha.lib.tpu.ru/cgi-bin/koha/opac-detail.pl?biblionumber=672874

MARC

LEADER 00000nbm0a2200000 4500
001 672874
005 20240607100531.0
090 |a 672874 
100 |a 20240531d1918 k||y0rusy50 ca 
101 0 |a rus 
102 |a RU 
105 |a y d 000yy 
181 0 |a i   |b  e  
182 0 |a n 
183 0 |a nc  |2 RDAcarrier 
200 1 |a Выбор способов очистки канализационных вод в применении к Сибири  |e автореферат  |f Я. И. Николин 
203 |a Текст  |b визуальный  |c непосредственный 
210 1 |a [Б. м.]  |d 1918 
215 |a [4] л. 
283 |a volume  |2 RDAcarrier 
300 |a Рукописные материалы 
300 |a Конволют в твердом переплете. 
316 |5 63413507: 19506  |a В одной обложке с ШкА/2287-2291 
482 1 |0 351796  |9 351796  |a Николин, Я. И. (российский ученый ; 1873-?)  |c [Б. м.]  |d 1920  |o автореферат  |p [3] л.  |t К вопросу о гидрологии реки Иртыша 
606 |a Сточные воды  |x Очистка в целом  |9 75000 
610 1 |a канализационные воды 
610 1 |a Сибирь 
610 1 |a города 
610 1 |a труды учёных ТПУ 
610 1 |a Коллекция Труды учёных ТПУ 
610 1 |a конволют 
675 |a 628.31 
700 1 |a Николин  |b Я. И.  |c российский ученый  |c профессор ТТИ (1906-1922)  |f 1873-?  |g Яков Иванович  |9 9183 
801 0 |a RU  |b 63413507  |c 20240531 
830 |a Ретро2024Каталогизация 
850 |a 63413507 
942 |c BK